Spanish Food Fiesta Quiz Stats

 Plays Quiz Updated Dec 12, 2018

Support Sporcle.
Go Orange.
Score 0/25 Timer 05:00
6 Plays Today
% Correct
Tomato
96.5%
Chicken
93.7%
French Fry
93%
Cheese
92.2%
Soup
91.5%
Corn
90.4%
Bread
88.6%
Egg
88.4%
Orange
87.6%
Fish
86.8%
Ham
85.4%
Peanut Butter
84.5%
Rice
80.3%
% Correct
Sugar
76.6%
Lettuce
75.1%
Ice Cream
73.2%
Apple
72.6%
Sausage
71.6%
Strawberry
71.6%
Pickle
70.4%
Grape
61.3%
Onion
56.5%
Carrot
50.9%
Pork
47.9%
Celery
40.1%

You're not logged in!

Compare scores with friends on all Sporcle quizzes.
OR
Log In
Forgot?

From the Vault

All About Harry Potter

by MuskratMel

This quiz is harder than making polyjuice potion.
Remove Ads.
Support Sporcle.
Get the best of Sporcle when you Go Orange. This ad-free experience offers more features, more stats, and more fun while also helping to support Sporcle. Thank you for becoming a member.

Show Comments

Extras

Top Quizzes Today


Score Distribution

Your Account Isn't Verified!

In order to create a playlist on Sporcle, you need to verify the email address you used during registration. Go to your Sporcle Settings to finish the process.

Report this User

Report this user for behavior that violates our Community Guidelines.

Details: